00417 a2200121 4500001001000000005001700010008004100027245006000068100002700128700002300155773010000178999001700278ART_2649020260410161940.0260409a 10aEl sector externo argentino desde la crisis de la deuda1 aRozenwurcel, Guillermo1 aSánchez, Marcelo0 tCiclos en la historia, la economía y la sociedadg- Vol. IV, Nº 6 (ene./jun. 1994)wREV26321 c29394d29394